| 000 | 01772nam0a22003011 4500 | ||
|---|---|---|---|
| 001 | rc\4789969 | ||
| 005 | 20260407041753.0 | ||
| 021 |
_aRU _b[65-49594] |
||
| 035 | _a(NLR Aleph) 009034844 | ||
| 090 |
_a9512985 _c9512985 |
||
| 100 | _a20130417d1965 |||y0rusy50 ca | ||
| 101 | 0 | _arus | |
| 102 | _aRU | ||
| 105 | _aa z ||||| | ||
| 200 | 1 |
_aОпределение водопроницаемости образцов горных пород, укрепленных химическими растворами, на установке УИПК-1у _eМетод. руководство _fСост. канд. техн. наук В.В. Давыдов, З.В. Сушенкова _gИн-т горного дела им. А.А. Скочинского. Лаборатория спец. способов проходки горных выработок и водопонижения |
|
| 210 |
_aМосква _cБ. и. _d1965 |
||
| 215 |
_a10 с. _cил. _d20 |
||
| 606 |
_aГорные породы _xЗакрепление химическое _2psbo |
||
| 606 |
_aГорные породы _xВодопроницаемость _xОпределение _2psbo |
||
| 606 |
_aИспытательные машины, приборы и установки _2psbo |
||
| 702 | 1 |
_aСушенкова _bЗ.В. _4220 |
|
| 702 | 1 |
_aДавыдов _bВ.В. _gВиктор Викторович _4220 |
|
| 712 | 0 | 2 |
_aИнститут горного дела им. А.А.Скочинского _cМосква _bЛаборатория специальных способов проходки горных выработок и водопонижения _3RU\NLR\AUTH\8810013932 _9525767 |
| 801 | 0 |
_aRU _bNLR _gpsbo |
|
| 801 | 1 |
_aRU _bELAR _2rusmarc |
|
| 852 |
_aNLR _j65-6/8640 |
||
| 942 | _cBOOK | ||
| 980 | _aNB | ||